000 00684nam a22002057a 4500
999 _c13109
_d13109
003 AR-CdUCM
008 190411b ||||| |||| 00| 0 spa d
040 _aMUNICIPALIDAD PROVINCIAL DEL CUSCO
_cBIBLIOTECA MUNICIPAL DEL CUSCO
082 _aC / 530.1 /
_bB92 / 1935
100 _aBueno Villanueva, Antero M
_931309
245 _aLa primitiva i moderna teoría de los quanta :
260 _aCuzco :
_bLibr. Impr. H.G. Rozas,
_c1935.
300 _a112 paginas ;
_c21 cm.
505 _aContenido :Estudio de las ciencias abstractas /
650 _aTeoría cuántica
_920524
650 _aCiencia
_92098
650 _aTesis
_91981
942 _2ddc
_cLIBROS
945 _arjall
_d2019_04-11